Proyecto: arco, violín y flechas (Registro nro. 15436)
[ vista simple ]
| 000 - LÍDER | |
|---|---|
| campo de control de longitud fija | 01407nam a22003257i 4500 |
| 005 - FECHA Y HORA DE LA ÚLTIMA TRANSACCIÓN | |
| campo de control | 20210818182313.0 |
| 008 - ELEMENTOS DE DATOS DE LONGITUD FIJA - INFORMACIÓN GENERAL | |
| campo de control de longitud fija | 191026s2019 ck adg gr 000 0dspa d |
| 020 ## - INTERNATIONAL STANDARD BOOK NUMBER | |
| International Standard Book Number | 9789587223675 |
| 040 ## - FUENTE DE CATALOGACIÓN | |
| Agencia de catalogación original | COMFC |
| Lenguaje de catalogación | spa |
| Descripción convenciones | rda |
| 041 ## - CÓDIGO DE LENGUAJE | |
| Código de idioma de texto / pista de sonido o título separado | spa |
| 082 04 - NÚMERO DE CLASIFICACIÓN DECIMAL DEWEY | |
| Número de clasificación | 787.2193 |
| Número de artículo | M994p |
| 100 1# - ENTRADA PRINCIPAL - NOMBRE PERSONAL | |
| 9 (RLIN) | 55191 |
| Nombre de la persona | Muñoz Navarro, Fredy |
| Término del Relator | aut |
| 245 10 - TÍTULO DECLARACIÓN | |
| Título | Proyecto: arco, violín y flechas |
| Resto del título | método para la enseñanza y aprendizaje del violín - Básico 1 |
| Declaración de responsabilidad | Fredy Muñoz Navarro ; Grupo de Investigación Formación Musical, Cultura y Sociedad |
| 264 01 - AVISO DE PRODUCCIÓN, PUBLICACIÓN, DISTRIBUCIÓN, FABRICACIÓN Y DERECHOS DE AUTOR | |
| Lugar de producción | Pereira |
| Nombre del productor | Universidad Tecnológica de Pereira |
| Fecha de producción | 2019 |
| 300 ## - DESCRIPCIÓN FÍSICA | |
| Alcance | 75 páginas |
| Otros datos físicos | ilustraciones, gráficas, música |
| Dimensiones | 30 cm |
| 336 ## - TIPO DE CONTENIDO | |
| Fuente | rdacontent |
| Tipo de contenido | txt |
| 337 ## - TIPO DE MEDIO | |
| Fuente | rdamedia |
| Término del tipo de medio | n |
| 338 ## - TIPO DE PORTADOR | |
| Fuente | rdacarrier |
| Término del tipo de operador | nc |
| 490 ## - DECLARACIÓN EN SERIE | |
| -- | 52756 |
| Estado de cuenta de la serie | Colección Textos Académicos |
| 500 ## - NOTA GENERAL | |
| Nota general | Contiene datos biográficos del autor |
| 504 ## - BIBLIOGRAFÍA | |
| Bibliografía | Incluye bibliografía |
| 650 #0 - ENTRADA DE SUJETO AÑADIDO - TÉRMINO TÓPICO | |
| 9 (RLIN) | 38810 |
| Término tópico o elemento de entrada del nombre geográfico | Violin |
| Subdivisión de forma | Enseñanza y aprendizaje |
| 650 #0 - ENTRADA DE SUJETO AÑADIDO - TÉRMINO TÓPICO | |
| 9 (RLIN) | 38810 |
| Término tópico o elemento de entrada del nombre geográfico | Violin |
| Subdivisión de forma | Instrucción y estudio |
| 650 #0 - ENTRADA DE SUJETO AÑADIDO - TÉRMINO TÓPICO | |
| 9 (RLIN) | 55193 |
| Término tópico o elemento de entrada del nombre geográfico | Aprendizaje Musical |
| 650 #0 - ENTRADA DE SUJETO AÑADIDO - TÉRMINO TÓPICO | |
| 9 (RLIN) | 24035 |
| Término tópico o elemento de entrada del nombre geográfico | Música |
| Subdivisión general | Habilidades motrices |
| 650 #0 - ENTRADA DE SUJETO AÑADIDO - TÉRMINO TÓPICO | |
| 9 (RLIN) | 24035 |
| Término tópico o elemento de entrada del nombre geográfico | Música |
| Subdivisión general | Desarrollo auditivo |
| 710 2# - ENTRADA AGREGADA - NOMBRE CORPORATIVO | |
| 9 (RLIN) | 55192 |
| Nombre corporativo o nombre de jurisdicción como elemento de entrada | Grupo de Investigación Formación Musical, Cultura y Sociedad |
| 830 ## - ENTRADA AGREGADA EN SERIE - TÍTULO UNIFORME | |
| 9 (RLIN) | 54297 |
| Título uniforme | Depósito Legal - Sala de Patrimonio Bibliográfico y Documental de Risaralda |
| 942 ## - ELEMENTOS DE ENTRADA AGREGADOS (KOHA) | |
| Fuente de clasificación o esquema de estanterías | Dewey Decimal Classification |
| Parte de clasificación | 787.2193 M994p |
| Prefijo del número de llamada | 787.2193 |
| Sufijo del número de llamada | M994p |
| Estado de retirada | Pérdida de estatus | Fuente de clasificación o esquema de estanterías | Estado dañado | No para préstamo | Código de recogida | Ubicación permanente | Ubicación actual | Ubicación de las estanterías | Fecha de adquisición | Total de Cajas | Número Topográfico | Código de barras | Precio efectivo desde | Número de copia | Fecha de la última vez que se vio | Tipo de artículo Koha |
|---|---|---|---|---|---|---|---|---|---|---|---|---|---|---|---|---|
| Dewey Decimal Classification | General | Biblioteca Pública Departamental Comfamiliar Risaralda | Biblioteca Pública Departamental Comfamiliar Risaralda | Área General | 26/10/2019 | 787.2193 M994p | 2698 | 26/10/2019 | Ej. 1 | 26/10/2019 | Libro | |||||
| Dewey Decimal Classification | General | Biblioteca Pública Departamental Comfamiliar Risaralda | Biblioteca Pública Departamental Comfamiliar Risaralda | Área General | 26/10/2019 | 787.2193 M994p | 2699 | 26/10/2019 | Ej. 1 | 26/10/2019 | Libro |